[Event "European Blitz 2022"]
[Site "Katowice POL"]
[Date "2022.12.16"]
[Round "9.19"]
[White "Ondozi, Murtez"]
[Black "Pultinevicius, Paulius"]
[Result "0-1"]
[WhiteTitle "FM"]
[BlackTitle "GM"]
[WhiteElo "2406"]
[BlackElo "2561"]
[WhiteFideId "937576"]
[BlackFideId "12809390"]
[EventDate "2022.12.16"]

1. d4 Nf6 2. c4 e6 3. Nf3 d5 4. Nc3 c6 5. e3 Nbd7 6. Bd2 Bd6 7. Bd3 dxc4 8. Bxc4
O-O 9. O-O Qe7 10. Qc2 e5 11. Bd3 g6 12. h3 Re8 13. dxe5 Nxe5 14. Nxe5 Bxe5 15.
Rae1 Bc7 16. f4 Be6 17. e4 Rad8 18. e5 Nd5 19. Nxd5 Bxd5 20. a3 Qd7 21. Bc3 Bxg2
22. Bxg6 Qxh3 23. Bxh7+ Kf8 24. Bb4+ Re7 25. Qxg2 Bb6+ 26. Rf2 Qxh7 27. Rf1
Bxf2+ 28. Qxf2 Rd3 0-1

[Event "European Blitz 2022"]
[Site "Katowice POL"]
[Date "2022.12.16"]
[Round "9.20"]
[White "Drozdowski, Kacper"]
[Black "Manik, Mikulas"]
[Result "1-0"]
[WhiteTitle "IM"]
[BlackTitle "GM"]
[WhiteElo "2448"]
[BlackElo "2359"]
[WhiteFideId "1136720"]
[BlackFideId "14900734"]
[EventDate "2022.12.16"]

1. e4 c5 2. Nf3 Nf6 3. e5 Nd5 4. Nc3 Nxc3 5. dxc3 Nc6 6. Bf4 Qc7 7. Qd2 e6 8. h4
b6 9. h5 h6 10. O-O-O Bb7 11. Rh3 O-O-O 12. g4 g5 13. hxg6 fxg6 14. Re1 Ne7 15.
Nh2 h5 16. Bg5 Re8 17. Bd3 Rg8 18. gxh5 gxh5 19. Rxh5 Nd5 20. Ng4 Be7 21. f4 c4
22. Be4 b5 23. Nf6 Bxf6 24. exf6 Rgf8 25. Bg6 Rd8 26. f7 a5 27. Bxd8 Qxd8 28.
Qd4 Qc7 29. Rh8 1-0

[Event "European Blitz 2022"]
[Site "Katowice POL"]
[Date "2022.12.16"]
[Round "9.21"]
[White "Sahidi, Samir"]
[Black "Piesik, Piotr"]
[Result "1-0"]
[WhiteTitle "IM"]
[BlackTitle "IM"]
[WhiteElo "2494"]
[BlackElo "2420"]
[WhiteFideId "14936372"]
[BlackFideId "1136194"]
[EventDate "2022.12.16"]

1. e4 e6 2. Nf3 d5 3. Nc3 d4 4. Ne2 c5 5. Ng3 a6 6. c3 Nc6 7. cxd4 cxd4 8. Bc4
Nf6 9. O-O Bd6 10. d3 O-O 11. a3 Qc7 12. Bg5 Nd7 13. Rc1 Bf4 14. Bxf4 Qxf4 15.
Ba2 Qd6 16. Qd2 Nde5 17. Nxe5 Nxe5 18. h3 Bd7 19. f4 Nc6 20. e5 Qe7 21. Ne4 Kh8
22. Qf2 f6 23. exf6 gxf6 24. Nc5 Bc8 25. b4 e5 26. fxe5 Nxe5 27. Qxd4 b6 28. Ne4
Be6 29. Bxe6 Qxe6 30. Rc7 Kg8 31. Qe3 Ng6 32. Qh6 Rf7 33. Rxf6 Qd5 34. Rfxf7 1-0

[Event "European Blitz 2022"]
[Site "Katowice POL"]
[Date "2022.12.16"]
[Round "9.23"]
[White "Mitusov, Semen"]
[Black "Szpar, Milosz"]
[Result "1/2-1/2"]
[WhiteTitle "IM"]
[BlackTitle "IM"]
[WhiteElo "2397"]
[BlackElo "2428"]
[WhiteFideId "14151049"]
[BlackFideId "1184989"]
[EventDate "2022.12.16"]

1. e4 c5 2. Nf3 d6 3. d4 Nf6 4. Nc3 cxd4 5. Nxd4 Nc6 6. Bg5 e6 7. Qd3 Be7 8.
O-O-O O-O 9. f4 Nxd4 10. Qxd4 Qa5 11. e5 dxe5 12. fxe5 Rd8 13. Qf4 Rxd1+ 14.
Kxd1 Nd5 15. Nxd5 Qxd5+ 16. Kc1 Bxg5 17. Qxg5 Bd7 18. Bd3 Qxa2 19. Rf1 Qa1+ 20.
Kd2 Qa5+ 21. c3 Qb6 22. Bxh7+ Kxh7 23. Qh5+ Kg8 24. Qxf7+ Kh7 25. Qh5+ Kg8 26.
Qf7+ Kh7 27. Qh5+ 1/2-1/2

[Event "European Blitz 2022"]
[Site "Katowice POL"]
[Date "2022.12.16"]
[Round "9.24"]
[White "Sargsyan, Shant"]
[Black "Cramling, Pia"]
[Result "1-0"]
[WhiteTitle "GM"]
[BlackTitle "GM"]
[WhiteElo "2645"]
[BlackElo "2463"]
[WhiteFideId "13306766"]
[BlackFideId "1700030"]
[EventDate "2022.12.16"]

1. d4 Nf6 2. Nf3 d5 3. c4 dxc4 4. e3 e6 5. Bxc4 a6 6. O-O c5 7. b3 b5 8. Be2 Bb7
9. Bb2 Nbd7 10. a4 Bc6 11. axb5 axb5 12. Nc3 Rb8 13. Qc2 Be7 14. Rfd1 Qb6 15.
dxc5 Bxc5 16. Nd4 Bxd4 17. Rxd4 O-O 18. Qd1 Rfd8 19. Ba3 Ra8 20. Bb4 Rxa1 21.
Qxa1 Ra8 22. Qd1 h6 23. h3 Qb7 24. Bf1 Nd5 25. Nxd5 Bxd5 26. e4 Bc6 27. f3 e5
28. Rd6 Ra2 29. Kh1 Qa7 30. Rxc6 Qf2 31. Rc1 Nf6 32. Qe1 Qb2 33. Bc3 Qxb3 34.
Bxe5 Nd7 35. Rb1 Qe6 36. Bd4 Ra4 37. Bg1 1-0

[Event "European Blitz 2022"]
[Site "Katowice POL"]
[Date "2022.12.16"]
[Round "9.25"]
[White "Dvirnyy, Danyyil"]
[Black "Langheinrich, Ferenc"]
[Result "0-1"]
[WhiteTitle "GM"]
[BlackTitle "IM"]
[WhiteElo "2530"]
[BlackElo "2381"]
[WhiteFideId "817570"]
[BlackFideId "4641973"]
[EventDate "2022.12.16"]

1. Nf3 Nf6 2. g3 g6 3. Bg2 Bg7 4. O-O O-O 5. c4 d6 6. Nc3 Nc6 7. d3 h6 8. Rb1 a5
9. a3 e5 10. b4 axb4 11. axb4 Be6 12. b5 Ne7 13. Bb2 Qc8 14. Ra1 Rxa1 15. Qxa1
Bh3 16. Qa7 Bxg2 17. Kxg2 Nd7 18. Nd2 f5 19. Ra1 h5 20. f3 h4 21. Qf2 Nc5 22.
Ba3 e4 23. Rc1 h3+ 24. Kg1 exd3 25. Bxc5 dxc5 26. Qxc5 Qd7 27. Nd5 Nxd5 28.
Qxd5+ Qxd5 29. cxd5 dxe2 30. Kf2 Re8 31. f4 Bc3 32. Nf3 Ba5 33. Ra1 Bb4 34. Rc1
Re7 35. Rb1 Ba5 36. Rc1 Kf8 37. Ra1 e1=Q+ 0-1

[Event "European Blitz 2022"]
[Site "Katowice POL"]
[Date "2022.12.16"]
[Round "9.26"]
[White "Fridman, Daniel"]
[Black "Vedrickas, Tautvydas"]
[Result "1-0"]
[WhiteTitle "GM"]
[BlackTitle "FM"]
[WhiteElo "2602"]
[BlackElo "2358"]
[WhiteFideId "11600454"]
[BlackFideId "12802654"]
[EventDate "2022.12.16"]

1. d4 Nf6 2. Nf3 g6 3. c4 Bg7 4. g3 d6 5. Bg2 O-O 6. Nc3 c6 7. O-O Qa5 8. e4 e5
9. Rb1 Nbd7 10. b4 Qc7 11. Re1 Rd8 12. Bb2 Nf8 13. d5 Bg4 14. Qb3 Rac8 15. Rbc1
Bh6 16. Rc2 a6 17. h3 Bxf3 18. Bxf3 cxd5 19. cxd5 b5 20. Be2 Nxe4 21. a4 Bd2 22.
Rd1 Bxc3 23. axb5 axb5 24. Bd3 Nxf2 25. Rxf2 Bxb2 26. Qxb2 Qb6 27. Qe2 Rc3 28.
Kg2 f5 29. Bxb5 Rb8 30. Bc6 Qxb4 31. g4 f4 32. Kh2 Qb3 33. Qf1 Rxh3+ 34. Qxh3
Qxd1 35. Rf1 Rb2+ 36. Kh1 Qd2 37. g5 e4 38. Bd7 f3 39. Be6+ Kh8 40. Rg1 e3 41.
Qh6 Nxe6 42. dxe6 Qd5 43. Qf8# 1-0

[Event "European Blitz 2022"]
[Site "Katowice POL"]
[Date "2022.12.16"]
[Round "9.27"]
[White "Schneider, Ilja"]
[Black "Kulon, Klaudia"]
[Result "1-0"]
[WhiteTitle "IM"]
[BlackTitle "IM"]
[WhiteElo "2483"]
[BlackElo "2274"]
[WhiteFideId "4663306"]
[BlackFideId "1131044"]
[EventDate "2022.12.16"]

1. e4 e5 2. Nf3 Nc6 3. Bb5 a6 4. Ba4 d6 5. O-O Bd7 6. c3 g6 7. d4 Bg7 8. Re1 Nf6
9. Bxc6 Bxc6 10. dxe5 dxe5 11. Qxd8+ Rxd8 12. Nxe5 Bb5 13. Na3 O-O 14. Nxb5 axb5
15. Bg5 h6 16. Bxf6 Bxf6 17. Nf3 b4 18. e5 Be7 19. cxb4 Bxb4 20. Red1 c6 21. Kf1
g5 22. h3 Bc5 23. Ke2 Kg7 24. Rac1 Bb6 25. Rxd8 Rxd8 26. Rc3 Rd7 27. g4 Kf8 28.
Rb3 Bc5 29. Rc3 Bb6 30. a4 Ke7 31. b4 Rd5 32. a5 Bc7 33. a6 bxa6 34. Rxc6 Bxe5
35. Rxa6 Bc3 36. Rxh6 Rb5 37. Kd3 Bxb4 38. Kc4 Rb8 39. Nxg5 Bd2 40. Rh5 Rc8+ 41.
Kd3 Rd8+ 42. Ke4 Ra8 43. Nf3 Bc3 44. Rc5 Bf6 45. Rc7+ Kf8 46. Kf5 Kg7 47. g5
Ra5+ 48. Kg4 Bd8 49. Rd7 Bb6 50. Rd2 Kg6 51. Rd6+ 1-0

[Event "European Blitz 2022"]
[Site "Katowice POL"]
[Date "2022.12.16"]
[Round "9.28"]
[White "Bartel, Mateusz"]
[Black "Raczek, Krzysztof"]
[Result "1-0"]
[WhiteTitle "GM"]
[WhiteElo "2627"]
[BlackElo "2161"]
[WhiteFideId "1112635"]
[BlackFideId "21005303"]
[EventDate "2022.12.16"]

1. d4 Nf6 2. Nf3 g6 3. g3 Bg7 4. Bg2 O-O 5. O-O d6 6. a4 Nc6 7. a5 a6 8. d5 Nb8
9. c4 c5 10. Nc3 Bf5 11. Nh4 Bd7 12. e4 e6 13. Qb3 exd5 14. exd5 Bc8 15. Re1 Re8
16. Rxe8+ Nxe8 17. Nf3 Nd7 18. Bg5 Nef6 19. Nd2 h6 20. Bf4 Bf8 21. Nde4 Nxe4 22.
Nxe4 Nf6 23. Nxf6+ Qxf6 24. Re1 Qd8 25. Bd2 Rb8 26. Bc3 Bd7 27. Qc2 Bg7 28. h4
h5 29. Qd2 Bf6 30. Qf4 Bxc3 31. bxc3 Qf8 32. Qf6 Re8 33. Rxe8 Bxe8 34. Qd8 Ba4
35. Qc7 Bb3 36. Bf1 Qe8 37. Qxb7 Bc2 38. Qb2 Ba4 39. Qb6 Qe1 40. Qxd6 Bc2 1-0

[Event "European Blitz 2022"]
[Site "Katowice POL"]
[Date "2022.12.16"]
[Round "9.29"]
[White "Jarmula, Lukasz"]
[Black "Azarov, Sergei"]
[Result "1-0"]
[WhiteTitle "GM"]
[BlackTitle "GM"]
[WhiteElo "2469"]
[BlackElo "2562"]
[WhiteFideId "1160664"]
[BlackFideId "13501470"]
[EventDate "2022.12.16"]

1. e4 e5 2. Nf3 Nc6 3. Bb5 a6 4. Ba4 Nf6 5. O-O Be7 6. Re1 b5 7. Bb3 d6 8. c3
O-O 9. h3 h6 10. d4 Re8 11. Nbd2 Bf8 12. a3 Bb7 13. d5 Nb8 14. Nf1 Nbd7 15. Ng3
c6 16. dxc6 Bxc6 17. Nh2 Nc5 18. Bc2 d5 19. exd5 Nxd5 20. Ng4 Qc7 21. Nh5 Rad8
22. Bxh6 Nf4 23. Ngf6+ gxf6 24. Qg4+ Ng6 25. Nxf6+ Kh8 26. Qh5 1-0

[Event "European Blitz 2022"]
[Site "Katowice POL"]
[Date "2022.12.16"]
[Round "9.30"]
[White "Kjartansson, Gudmundur"]
[Black "Sebenik, Matej"]
[Result "0-1"]
[WhiteTitle "GM"]
[BlackTitle "GM"]
[WhiteElo "2453"]
[BlackElo "2538"]
[WhiteFideId "2301318"]
[BlackFideId "14602296"]
[EventDate "2022.12.16"]

1. c4 e6 2. Nc3 d5 3. d4 c5 4. cxd5 exd5 5. Nf3 Nf6 6. Bg5 Be6 7. e3 c4 8. Be2
Nbd7 9. O-O Bb4 10. Nd2 O-O 11. e4 Bxc3 12. bxc3 dxe4 13. Nxe4 h6 14. Bh4 g5 15.
Nxf6+ Nxf6 16. Bg3 Nd5 17. Qc2 b5 18. Bf3 Rc8 19. Rae1 b4 20. Bxd5 Qxd5 21. cxb4
c3 22. a3 Qxd4 23. Be5 Qd2 24. Rc1 Rfd8 25. h4 Rd3 26. hxg5 Qxc2 27. Rxc2 Bb3
28. Rcc1 hxg5 29. Bf6 g4 30. Bg5 c2 31. Rce1 Rd1 32. Bc1 Rcd8 33. Re3 Rxf1+ 34.
Kxf1 Bc4+ 35. Kg1 Rd1+ 36. Kh2 Rxc1 37. Rc3 Be6 38. a4 Bf5 39. b5 Rb1 0-1

[Event "European Blitz 2022"]
[Site "Katowice POL"]
[Date "2022.12.16"]
[Round "9.31"]
[White "Morgunov, Marc"]
[Black "Hjartarson, Johann"]
[Result "0-1"]
[WhiteTitle "FM"]
[BlackTitle "GM"]
[WhiteElo "2402"]
[BlackElo "2476"]
[WhiteFideId "1640305"]
[BlackFideId "2300044"]
[EventDate "2022.12.16"]

1. e4 g6 2. d4 Bg7 3. Nc3 d6 4. f4 a6 5. Nf3 b5 6. Bd3 Nd7 7. e5 c5 8. Be4 Rb8
9. O-O b4 10. Ne2 Nh6 11. c3 O-O 12. Kh1 Qc7 13. Be3 bxc3 14. bxc3 Nb6 15. Rb1
Bf5 16. Qd3 c4 17. Qc2 Nd5 18. Bf2 e6 19. h3 Rxb1 20. Rxb1 Rb8 21. g4 Bxe4 22.
Qxe4 Rb5 23. Nd2 Nb6 24. Kh2 Kh8 25. a4 Rxb1 26. Qxb1 dxe5 27. dxe5 Nd5 28. Qe4
g5 29. fxg5 Bxe5+ 30. Kg2 Ng8 31. Nxc4 Bg7 32. Bd4 Qxc4 33. Bxg7+ Kxg7 34. Qe5+
f6 35. gxf6+ Ngxf6 36. g5 Qe4+ 0-1

[Event "European Blitz 2022"]
[Site "Katowice POL"]
[Date "2022.12.16"]
[Round "9.32"]
[White "Tregubov, Pavel V."]
[Black "Strejczek, Dariusz"]
[Result "1-0"]
[WhiteTitle "GM"]
[WhiteElo "2553"]
[BlackElo "2149"]
[WhiteFideId "4115341"]
[BlackFideId "1122142"]
[EventDate "2022.12.16"]

1. e4 d6 2. d4 g6 3. Nf3 Bg7 4. Nc3 Nf6 5. Be2 O-O 6. O-O Nbd7 7. h3 e5 8. dxe5
dxe5 9. Be3 Qe7 10. Nd2 Nb6 11. Nb3 Rd8 12. Qc1 Be6 13. Nc5 c6 14. b3 Rab8 15.
a4 Nfd7 16. Nxe6 Qxe6 17. Rd1 Bf8 18. a5 Nc8 19. Na4 b6 20. axb6 axb6 21. c4 Nd6
22. Qc2 b5 23. Nb2 f5 24. Bg5 Be7 25. Bxe7 Qxe7 26. exf5 gxf5 27. Ra7 Nc8 28.
Ra6 e4 29. Rxc6 Ne5 30. Rxd8+ Qxd8 31. Rc5 Qd4 32. Rd5 1-0

[Event "European Blitz 2022"]
[Site "Katowice POL"]
[Date "2022.12.16"]
[Round "9.33"]
[White "Kacprzak, Karol"]
[Black "Nasuta, Grzegorz"]
[Result "0-1"]
[BlackTitle "GM"]
[WhiteElo "2226"]
[BlackElo "2546"]
[WhiteFideId "21819327"]
[BlackFideId "1141686"]
[EventDate "2022.12.16"]

1. e4 c5 2. Nf3 Nf6 3. Nc3 d5 4. exd5 Nxd5 5. Bb5+ Bd7 6. Ne5 Nf6 7. Nxd7 Nbxd7
8. O-O e6 9. Qf3 Qc7 10. d3 Bd6 11. Bg5 Bxh2+ 12. Kh1 Be5 13. Rae1 O-O 14. Qh3
a6 15. Bxd7 Nxd7 16. g3 h6 17. Bd2 c4 18. dxc4 Qxc4 19. Re4 Qc6 20. Kg1 Bxc3 0-1

[Event "European Blitz 2022"]
[Site "Katowice POL"]
[Date "2022.12.16"]
[Round "9.34"]
[White "Wieczorek, Oskar"]
[Black "Lauda, Alexandr"]
[Result "1-0"]
[WhiteTitle "GM"]
[WhiteElo "2504"]
[BlackElo "2032"]
[WhiteFideId "1133950"]
[BlackFideId "13903179"]
[EventDate "2022.12.16"]

1. e4 e5 2. Nf3 Nc6 3. Nc3 Nf6 4. h3 a6 5. d4 exd4 6. Nxd4 Bb4 7. Nxc6 dxc6 8.
Qxd8+ Kxd8 9. Bd2 Re8 10. f3 Nd5 11. O-O-O Ne7 12. Bh6+ Bd7 13. Bxg7 Kc8 14. h4
f5 15. Bc4 Bxc3 16. Bxc3 fxe4 17. fxe4 b5 18. Bf7 Rf8 19. Rhf1 Bg4 20. Be6+ 1-0

[Event "European Blitz 2022"]
[Site "Katowice POL"]
[Date "2022.12.16"]
[Round "9.35"]
[White "Plichta, Kamil"]
[Black "Ziogas, Modestas"]
[Result "1-0"]
[WhiteTitle "FM"]
[WhiteElo "2394"]
[BlackElo "2098"]
[WhiteFideId "1141830"]
[BlackFideId "12803740"]
[EventDate "2022.12.16"]

1. d4 d5 2. Bg5 Nf6 3. Bxf6 exf6 4. e3 Bd6 5. Bd3 O-O 6. Qf3 Be6 7. Ne2 Nc6 8.
c3 Ne7 9. Nd2 a5 10. O-O-O b5 11. g4 b4 12. h4 bxc3 13. Nxc3 c5 14. g5 f5 15. h5
cxd4 16. exd4 Rb8 17. Nb5 Qb6 18. a4 Nc6 19. Nb3 Nb4 20. Bxf5 Qc6+ 21. Kb1 Rxb5
22. Rc1 Qd7 23. Bxh7+ Kxh7 24. axb5 Bf5+ 25. Ka1 Be4 26. g6+ Kg8 27. Qe2 Bf4 28.
h6 Bxh6 29. Nc5 Qf5 30. Rh3 Qxg6 31. Rg3 Qf5 32. Rcg1 Nc2+ 33. Ka2 Nxd4 34. Qd1
Nxb5 35. Nxe4 Qxe4 36. Qh5 Qe6 37. Ka1 Nd4 38. Rh3 Kh7 39. Rh4 Nb3+ 40. Ka2 a4
41. Qg5 d4 42. Qxg7# 1-0

[Event "European Blitz 2022"]
[Site "Katowice POL"]
[Date "2022.12.16"]
[Round "9.36"]
[White "Czerw, Dawid"]
[Black "Kyc, Jerzy"]
[Result "0-1"]
[WhiteTitle "IM"]
[WhiteElo "2373"]
[BlackElo "2230"]
[WhiteFideId "1145746"]
[BlackFideId "1163922"]
[EventDate "2022.12.16"]

1. c4 c5 2. Nc3 Nf6 3. g3 e6 4. Bg2 Be7 5. e3 O-O 6. Nge2 Nc6 7. O-O b6 8. d4
cxd4 9. exd4 d5 10. Bg5 Ba6 11. Bxf6 Bxf6 12. cxd5 Bxe2 13. Nxe2 exd5 14. Rc1
Qd6 15. Qa4 Rac8 16. Rc2 Qb4 17. Qxb4 Nxb4 18. Rd2 Nxa2 19. Ra1 Nb4 20. Rxa7
Rfe8 21. Bf3 Red8 22. h4 g6 23. Nc3 Rc4 24. Ne2 Nc6 25. Rb7 Bxd4 26. b3 0-1

[Event "European Blitz 2022"]
[Site "Katowice POL"]
[Date "2022.12.16"]
[Round "9.37"]
[White "Hrebenshchykova, Yelyzaveta"]
[Black "Grandelius, Nils"]
[Result "0-1"]
[BlackTitle "GM"]
[WhiteElo "2289"]
[BlackElo "2660"]
[WhiteFideId "14159899"]
[BlackFideId "1710400"]
[EventDate "2022.12.16"]

1. e4 c5 2. Nf3 d6 3. d4 cxd4 4. Nxd4 Nf6 5. Nc3 a6 6. Bc4 g6 7. O-O Bg7 8. Re1
O-O 9. a4 Nc6 10. Nb3 Ne5 11. Bf1 Be6 12. Nd5 Rc8 13. c3 Bg4 14. f3 Nxd5 15.
exd5 Bd7 16. a5 h5 17. Be3 Bb5 18. Bd4 Bxf1 19. Rxf1 Qd7 20. f4 Ng4 21. Bxg7
Kxg7 22. Qd4+ Nf6 23. f5 Qb5 24. Nd2 Qxd5 25. Qxd5 Nxd5 26. Ne4 Ne3 27. f6+ exf6
28. Nxd6 Nxf1 29. Nxc8 Rxc8 30. Kxf1 f5 31. Rd1 Rc5 32. Rd7 Rxa5 33. Rxb7 Rb5
34. Ra7 Rxb2 35. Rxa6 Rc2 36. Rc6 f4 37. h4 f6 38. Rc5 Kf7 39. Rc6 Ke7 40. Rc5
Ke6 41. Kg1 Kd6 42. Rc4 Ke5 43. Rc6 Kf5 44. Kh2 f3 45. Kg1 fxg2 46. Rc4 g5 47.
hxg5 fxg5 48. Rc8 h4 49. c4 Kg4 50. c5 Kg3 0-1

[Event "European Blitz 2022"]
[Site "Katowice POL"]
[Date "2022.12.16"]
[Round "9.38"]
[White "Ziska, Helgi Dam"]
[Black "Koziorowicz, Michal"]
[Result "1-0"]
[WhiteTitle "GM"]
[BlackTitle "FM"]
[WhiteElo "2546"]
[BlackElo "2348"]
[WhiteFideId "7200595"]
[BlackFideId "21809194"]
[EventDate "2022.12.16"]

1. e4 c5 2. Nf3 d6 3. Bb5+ Bd7 4. Bxd7+ Qxd7 5. O-O Nf6 6. Re1 e6 7. c3 Be7 8.
d4 cxd4 9. cxd4 d5 10. e5 Ne4 11. a3 O-O 12. Nbd2 Nxd2 13. Bxd2 Nc6 14. Rc1 Rfc8
15. Rc3 Qd8 16. Rd3 Na5 17. h4 Nc4 18. Bc1 b5 19. Ng5 h6 20. Nh3 Kh7 21. Qh5 Qe8
22. Qg4 b4 23. Rg3 Qf8 24. a4 Nb6 25. b3 Rc3 26. Bd2 Rc2 27. Rd1 Rac8 28. Nf4
Nd7 29. Nh5 g6 30. Nf4 Qg7 31. Nxd5 Bxh4 32. Qxh4 exd5 33. Qe7 Nf8 34. Bxh6 Qg8
35. Rh3 R8c3 36. Be3+ Kg7 37. Qf6# 1-0

[Event "European Blitz 2022"]
[Site "Katowice POL"]
[Date "2022.12.16"]
[Round "9.39"]
[White "Rudzinska, Michalina"]
[Black "Klekowski, Maciej"]
[Result "0-1"]
[WhiteTitle "WFM"]
[BlackTitle "GM"]
[WhiteElo "2256"]
[BlackElo "2477"]
[WhiteFideId "1172883"]
[BlackFideId "1132717"]
[EventDate "2022.12.16"]

1. e4 c5 2. Nf3 e6 3. d4 cxd4 4. Nxd4 Nc6 5. Nxc6 bxc6 6. Bd3 Nf6 7. O-O d5 8.
Nd2 Bd6 9. Qe2 Qc7 10. h3 O-O 11. Re1 e5 12. c4 d4 13. Nf3 Nd7 14. Nh4 Nc5 15.
Nf5 Bxf5 16. exf5 e4 17. Bxe4 Rfe8 18. f3 Rad8 19. f6 g6 20. Qd2 Be5 21. Qg5 Ne6
22. Qh6 d3 23. Bg5 Qd6 24. Bxc6 Rf8 25. Bd5 Rd7 26. Rad1 Qb6+ 27. Kh1 Qd4 28.
Re4 Qxb2 29. f4 Bxf6 30. Rxe6 Bg7 31. Qh4 Rxd5 32. cxd5 fxe6 33. dxe6 Qe2 34.
Qe1 h6 35. e7 Re8 36. Bh4 g5 37. fxg5 Rxe7 38. Qd2 h5 39. Qxd3 Qxd3 40. Rxd3 Re4
41. Bg3 h4 42. Bd6 Bd4 43. Rd1 Kf7 44. Rf1+ Ke6 45. Bb8 Re2 46. Bc7 Rxa2 47. g6
Rc2 48. Kh2 Rxc7 0-1

[Event "European Blitz 2022"]
[Site "Katowice POL"]
[Date "2022.12.16"]
[Round "9.40"]
[White "Laurusas, Tomas"]
[Black "Fiedorek, Michal"]
[Result "1-0"]
[WhiteTitle "GM"]
[BlackTitle "FM"]
[WhiteElo "2567"]
[BlackElo "2303"]
[WhiteFideId "12803731"]
[BlackFideId "1199528"]
[EventDate "2022.12.16"]

1. c4 e6 2. Nc3 d5 3. d4 Nf6 4. Bg5 Be7 5. e3 h6 6. Bh4 O-O 7. Nf3 Nbd7 8. Rc1
b6 9. cxd5 exd5 10. Bd3 c6 11. O-O Re8 12. h3 Bb7 13. Bg3 Rc8 14. Re1 Bf8 15.
Bf5 g6 16. Bd3 Ne4 17. Bh2 c5 18. dxc5 Ndxc5 19. Bb5 Re7 20. Ne2 Bg7 21. Ned4 a6
22. Bf1 Qd7 23. b4 Ne6 24. Rxc8+ Qxc8 25. b5 axb5 26. Nxb5 Qc5 27. Qb3 Qc6 1-0

[Event "European Blitz 2022"]
[Site "Katowice POL"]
[Date "2022.12.16"]
[Round "9.41"]
[White "Sliwicka, Alicja"]
[Black "Blohberger, Felix"]
[Result "0-1"]
[WhiteTitle "WIM"]
[BlackTitle "GM"]
[WhiteElo "2284"]
[BlackElo "2490"]
[WhiteFideId "1150677"]
[BlackFideId "1632051"]
[EventDate "2022.12.16"]

1. e4 c6 2. d4 d5 3. e5 Bf5 4. c4 e6 5. Nc3 Ne7 6. a3 Nd7 7. c5 f6 8. f4 b6 9.
b4 a5 10. Be3 Bg6 11. Nf3 Nf5 12. Bf2 fxe5 13. fxe5 Be7 14. g4 Nh4 15. Rg1 axb4
16. Nxh4 Bxh4 17. axb4 Rxa1 18. Qxa1 Bxf2+ 19. Kxf2 Qh4+ 20. Kg2 O-O 21. Kh1
bxc5 22. bxc5 Qf2 23. Qd1 Rf4 24. Ne2 Be4+ 25. Bg2 Rxg4 26. Ng3 Bxg2+ 27. Rxg2
Qxd4 28. Qe2 Nxe5 29. Rf2 Rf4 30. Rxf4 Qxf4 31. Kg2 g6 32. Qb2 Qf3+ 33. Kg1 Nd3
34. Qb8+ Kg7 35. Qa7+ Kh6 36. Qa2 Qe3+ 37. Kg2 Nf4+ 38. Kf1 d4 39. Qc2 0-1

[Event "European Blitz 2022"]
[Site "Katowice POL"]
[Date "2022.12.16"]
[Round "9.42"]
[White "Samunenkov, Ihor"]
[Black "Aksonova, Tetiana"]
[Result "1-0"]
[WhiteTitle "IM"]
[BlackTitle "WFM"]
[WhiteElo "2488"]
[BlackElo "2192"]
[WhiteFideId "14187086"]
[BlackFideId "14106086"]
[EventDate "2022.12.16"]

1. d4 Nf6 2. Nc3 d5 3. Bf4 g6 4. e3 Bg7 5. h4 h5 6. Nf3 O-O 7. Qd2 Ne4 8. Nxe4
dxe4 9. Ng5 Bf5 10. f3 exf3 11. gxf3 c5 12. e4 Bd7 13. d5 Bxb2 14. Rb1 Bd4 15.
Rxb7 Bc8 16. Rxb8 Rxb8 17. Bxb8 e5 18. dxe6 fxe6 19. c3 Qb6 20. cxd4 Qxb8 21.
Kf2 Qb6 22. dxc5 Qxc5+ 23. Qe3 Qc2+ 24. Be2 Ba6 25. Rd1 Qxa2 26. Rd2 Qa5 27.
Bxa6 Qxa6 28. Qb3 Re8 29. Qd3 Qb6+ 30. Kg2 a5 31. Qd7 Rf8 32. Qh7# 1-0

[Event "European Blitz 2022"]
[Site "Katowice POL"]
[Date "2022.12.16"]
[Round "9.43"]
[White "Krzyzanowski, Marcin"]
[Black "Polster, Christian"]
[Result "1-0"]
[WhiteTitle "GM"]
[BlackTitle "FM"]
[WhiteElo "2538"]
[BlackElo "2235"]
[WhiteFideId "1132199"]
[BlackFideId "12965081"]
[EventDate "2022.12.16"]

1. Nf3 d5 2. g3 Nf6 3. Bg2 Bf5 4. O-O e6 5. c4 c6 6. d3 Nbd7 7. Nc3 dxc4 8. dxc4
Nc5 9. Be3 Qxd1 10. Rfxd1 Nfe4 11. Nxe4 Bxe4 12. Rd4 Be7 13. b4 Bxf3 14. Bxf3
Nd7 15. Rb1 O-O-O 16. c5 Ne5 17. Bg2 Bf6 18. Re4 Ng6 19. a4 Ne7 20. b5 Rd5 21.
Rc4 Rd7 22. bxc6 Nxc6 23. Bxc6 bxc6 24. Rcb4 Be5 25. Bf4 Bxf4 26. gxf4 Rdd8 27.
Kg2 Rhe8 28. Rb7 Rf8 29. Rxa7 h5 30. Rb6 g6 31. a5 f6 32. a6 g5 33. Rbb7 gxf4
34. Ra8# 1-0

[Event "European Blitz 2022"]
[Site "Katowice POL"]
[Date "2022.12.16"]
[Round "9.44"]
[White "Costachi, Mihnea"]
[Black "Sotsky, Alexander"]
[Result "1-0"]
[WhiteTitle "IM"]
[BlackTitle "IM"]
[WhiteElo "2476"]
[BlackElo "2333"]
[WhiteFideId "1217518"]
[BlackFideId "4130715"]
[EventDate "2022.12.16"]

1. d4 d5 2. c4 e6 3. Nc3 f5 4. g3 Nf6 5. Bg2 c6 6. Nf3 Bd6 7. b3 O-O 8. Bb2 Bd7
9. Qc2 Ne4 10. O-O Be8 11. Ne5 Nd7 12. Nd1 Bh5 13. f3 Ng5 14. Nf2 Qe7 15. Rae1
f4 16. g4 Bxe5 17. dxe5 Bg6 18. Qd2 h5 19. e3 hxg4 20. Nxg4 fxe3 21. Qxe3 Rf7
22. cxd5 cxd5 23. Bc1 Nh7 24. f4 Raf8 25. Qg3 Kh8 26. Ne3 Bd3 27. Rf2 Nc5 28.
Ng4 Be4 29. Ba3 b6 30. Bxc5 Qxc5 31. Bxe4 dxe4 32. Kg2 Rd8 33. Rxe4 Rd1 34. Rc4
Qd5+ 35. Qf3 Qd8 36. Rfc2 Qh4 37. Qg3 Qh5 38. Rc7 Rxc7 39. Rxc7 Rd2+ 40. Nf2 Qh6
41. Rc8+ Nf8 42. Rxf8+ Kh7 43. Re8 Qh5 44. Re7 Qh6 45. Rxa7 b5 46. a3 Rb2 47. b4
Ra2 48. Qg5 1-0